Fr. Conceicao Rodrigues College of Engineering

Introduction to VLSI design (Record no. 29282)

MARC details
000 -LEADER
fixed length control field 00377nam a2200169Ia 4500
082 ## - DEWEY DECIMAL CLASSIFICATION NUMBER
Classification number 621.395/FAB
Item number FAB
100 ## - MAIN ENTRY--PERSONAL NAME
Personal name Fabricius/Eugene D
245 ## - TITLE STATEMENT
Title Introduction to VLSI design
260 ## - PUBLICATION, DISTRIBUTION, ETC.
Name of publisher, distributor, etc. McGraw-Hill International Edition
Place of publication, distribution, etc. New Delhi
Date of publication, distribution, etc. 1990
366 ## - TRADE AVAILABILITY INFORMATION
Publishers's discount category 20
300 ## - PHYSICAL DESCRIPTION
Extent 406
546 ## - LANGUAGE NOTE
Language note ENGLISH
650 ## - SUBJECT ADDED ENTRY--TOPICAL TERM
Topical term or geographic name entry element VLSI
654 ## - SUBJECT ADDED ENTRY--FACETED TOPICAL TERMS
Focus term VLSI
942 ## - ADDED ENTRY ELEMENTS (KOHA)
Koha item type BOOK
Holdings
Withdrawn status Lost status Damaged status Not for loan Collection Home library Current library Shelving location Date acquired Source of acquisition Cost, normal purchase price Inventory number Total Checkouts Full call number Barcode Date last seen Cost, replacement price Price effective from Koha item type Date last checked out
        CRC Fr. Agnel's C.Rodrigues College of Engineering Fr. Agnel's C.Rodrigues College of Engineering   17/03/2023 Professional Book House. 260.15 86 dt 31/07/2007   621.395/FAB FAB 17596 17/03/2023 280.15   BOOK  
        CRC Fr. Agnel's C.Rodrigues College of Engineering Fr. Agnel's C.Rodrigues College of Engineering   17/03/2023 Professional Book House. 260.15   1 621.395/FAB FAB 17597 28/11/2024 280.15   BOOK 18/11/2024
        CRC Fr. Agnel's C.Rodrigues College of Engineering Fr. Agnel's C.Rodrigues College of Engineering   17/03/2023 Professional Book House. 260.15     621.395/FAB FAB 17598 17/03/2023 280.15   BOOK